000 00400pab a2200145 454500
008 180718b2014 xxu||||| |||| 00| 0 eng d
100 _aQuddusi, Kazi S.M. Khasrul Alam
245 _aEvolution of globalization analysis
260 _c2014
300 _ap.39-54.
362 _aMar
650 _aGlobalization
773 _aIASSI Quarterly - Contribution to Indian Social Science
909 _a107942
999 _c107937
_d107937